<?xml version="1.0" encoding="UTF-8"?><?xml-stylesheet type="text/xsl" href="static/style.xsl"?><OAI-PMH xmlns="http://www.openarchives.org/OAI/2.0/" xmlns:xsi="http://www.w3.org/2001/XMLSchema-instance" xsi:schemaLocation="http://www.openarchives.org/OAI/2.0/ http://www.openarchives.org/OAI/2.0/OAI-PMH.xsd"><responseDate>2026-06-29T02:39:19Z</responseDate><request verb="GetRecord" identifier="oai:docta.ucm.es:20.500.14352/104338" metadataPrefix="marc">https://docta.ucm.es/rest/oai/request</request><GetRecord><record><header><identifier>oai:docta.ucm.es:20.500.14352/104338</identifier><datestamp>2025-03-18T15:46:22Z</datestamp><setSpec>com_20.500.14352_14</setSpec><setSpec>col_20.500.14352_15</setSpec></header><metadata><record xmlns="http://www.loc.gov/MARC21/slim" xmlns:dcterms="http://purl.org/dc/terms/" xmlns:xsi="http://www.w3.org/2001/XMLSchema-instance" xmlns:doc="http://www.lyncode.com/xoai" xsi:schemaLocation="http://www.loc.gov/MARC21/slim http://www.loc.gov/standards/marcxml/schema/MARC21slim.xsd">
   <leader>00925njm 22002777a 4500</leader>
   <datafield ind2=" " ind1=" " tag="042">
      <subfield code="a">dc</subfield>
   </datafield>
   <datafield ind2=" " ind1=" " tag="720">
      <subfield code="a">Morales Hernández, Diego</subfield>
      <subfield code="e">author</subfield>
   </datafield>
   <datafield ind2=" " ind1=" " tag="720">
      <subfield code="a">Gutiérrez Pensado, Roger</subfield>
      <subfield code="e">author</subfield>
   </datafield>
   <datafield ind2=" " ind1=" " tag="720">
      <subfield code="a">Bravo, Francisca Isabel</subfield>
      <subfield code="e">author</subfield>
   </datafield>
   <datafield ind2=" " ind1=" " tag="720">
      <subfield code="a">Muguerza, Begoña</subfield>
      <subfield code="e">author</subfield>
   </datafield>
   <datafield ind2=" " ind1=" " tag="260">
      <subfield code="c">2023-11-07</subfield>
   </datafield>
   <datafield ind2=" " ind1=" " tag="520">
      <subfield code="a">The consumption of kombucha drinks has remarkably grown during the last decade and, besides traditional ingredients such as tea leaves, alternative raw materials with interesting functional properties are being proposed. The aim of this study was to obtain alternative kombuchas enriched in phenolic compounds and with a high antioxidant activity using fruits instead of tea leaves, and to determine the optimal fermentation time. The fruit-based kombuchas were prepared using cherry, plum, apricot, strawberry, persimmon, grape, orange, or pomegranate and three different microbial consortia (SCOBYs/SCs). The pH, carbohydrate, ethanol, and phenolic levels, and in vitro antioxidant capacity were determined along the fermentation process (21 days). The obtained products showed safe pH values (2.5–4.2) and suitable ethanol levels (&lt;1.2%). Their carbohydrate content was almost half that in commercial tea kombucha. The activity of fermentative microorganisms increased total phenolic content (TPC) and radical scavenging capacity (TEAC) in all preparations, and differences were found depending on the SC used. Maximum TPC and TEAC values were observed in the strawberry kombucha (up to 13.7 mg/100 mL and 2.05 μmol/mL, respectively). The results showed that fruits, mainly strawberries, could be used to obtain alternative kombucha drinks with high in vitro antioxidant activity.</subfield>
   </datafield>
   <datafield ind1="8" ind2=" " tag="024">
      <subfield code="a">Diego Morales, Roger Gutiérrez-Pensado, Francisca Isabel Bravo, Begoña Muguerza, Novel kombucha beverages with antioxidant activity based on fruits as alternative substrates, LWT,Volume 189,2023,115482. https://doi.org/10.1016/j.lwt.2023.115482.</subfield>
   </datafield>
   <datafield ind1="8" ind2=" " tag="024">
      <subfield code="a">0023-6438</subfield>
   </datafield>
   <datafield ind1="8" ind2=" " tag="024">
      <subfield code="a">10.1016/j.lwt.2023.115482</subfield>
   </datafield>
   <datafield ind1="8" ind2=" " tag="024">
      <subfield code="a">https://hdl.handle.net/20.500.14352/104338</subfield>
   </datafield>
   <datafield ind1="8" ind2=" " tag="024">
      <subfield code="a">1096-1127</subfield>
   </datafield>
   <datafield ind1="8" ind2=" " tag="024">
      <subfield code="a">https://doi.org/10.1016/j.lwt.2023.115482</subfield>
   </datafield>
   <datafield ind2="0" ind1="0" tag="245">
      <subfield code="a">Novel kombucha beverages with antioxidant activity based on fruits as alternative substrates</subfield>
   </datafield>
</record></metadata></record></GetRecord></OAI-PMH>